=LDR 00000nam 2200000 4500 =001 INLIS000000000020030 =005 20130612115027 =008 ***********************************Ind** =035 ##$$0010-061300000020030 =041 ##$$a Ind =082 ##$$a 641.34 =090 ##$$a 641.34, Ban j =100 ##$$a Bangun =245 ##$$a Jus buah dan sayuran untuk mengatasi kanker, Ap Bangun ; penyunting, Mulyono =260 ##$$a 2005 $b Jakarta =300 ##$$a iv, 52 hlm, ilus, 19 cm =650 ##$$a Jus buah dan sayuran =850 ##$$a NBPNMAT